[Event "POL-chT2"]
[Site "Poronin POL"]
[Date "2016.09.03"]
[Round "1.27"]
[White "Miroslaw, Michal"]
[Black "Borgula, Rafal"]
[Result "1/2-1/2"]
[WhiteElo "2312"]
[BlackElo "2240"]
[EventDate "2016.09.02"]

1.e4 c5 2.Nf3 Nc6 3.d4 cxd4 4.Nxd4 g6 5.c4 Bg7 6.Be3 Nf6 7.Nc3 Ng4 8.Qxg4 
Bxd4 9.Bxd4 Nxd4 10.Qd1 e5 11.Bd3 O-O 12.O-O d6 13.Qd2 Be6 14.f4 exf4 15.
Rxf4 Nc6 16.Rd1 Ne5 17.b3 Qb6+ 18.Kh1 Rad8 19.Be2 Rd7 20.Rdf1 Qd8 21.Qe3 
a6 22.Rf6 Kg7 23.Qf2 Rc7 24.Qd4 Rd7 25.R6f2 Kg8 26.Na4 Qg5 27.Rf6 Rdd8 28.
Qf2 Bf5 29.Rxf5 gxf5 30.exf5 Rfe8 31.Nc3 Kh8 32.Ne4 Qh6 33.Qd4 Qh4 34.g4 
f6 35.Nxd6 Qh3 36.c5 Re7 37.g5 Rg8 38.Rg1 fxg5 39.Nf7+ Rxf7 40.Qxe5+ Rfg7 
41.Rg3 Qh6 42.f6 Rf7 43.Bc4 Qxf6 44.Qxf6+ Rxf6 45.Bxg8 Kxg8 46.Rxg5+ Kf7 
47.Kg2 Re6 48.Rd5 Re2+ 49.Kg3 Ke8 50.Rh5 Rxa2 51.Rxh7 Rc2 52.Rxb7 Rxc5 53.
h4 a5 54.Kg4 a4 55.bxa4 Rc4+ 56.Kg5 Rxa4 57.h5 Kf8 58.Kg6 Rg4+ 59.Kh7 Rg1 
60.h6 Rg2 1/2-1/2

[Event "POL-chT2"]
[Site "Poronin POL"]
[Date "2016.09.03"]
[Round "1.28"]
[White "Robak, Zbigniew"]
[Black "Panas, Pawel"]
[Result "0-1"]
[WhiteElo "2204"]
[BlackElo "2132"]
[EventDate "2016.09.02"]

1.e4 c5 2.Nc3 e6 3.Bc4 a6 4.a4 Ne7 5.d3 Nbc6 6.Bd2 d5 7.Ba2 dxe4 8.dxe4 
Nd4 9.Nf3 Nec6 10.Be3 Be7 11.O-O O-O 12.Nd2 b5 13.f4 Bb7 14.Ne2 Qc7 15.Ng3
bxa4 16.c3 Nb3 17.Nxb3 axb3 18.Bxb3 Qb6 19.f5 Ne5 20.Ra3 Qc6 21.Ba4 Qc7 
22.Qe2 Rad8 23.Bc2 Kh8 24.Bf4 Bd6 25.Nh5 exf5 26.Nxg7 Kxg7 27.Qh5 f6 28.c4
Kh8 29.exf5 Rg8 30.Rf2 Ng4 31.Bxd6 Qxd6 32.Re2 Qd4+ 33.Kf1 Qf4+ 34.Ke1 0-1

[Event "POL-chT2"]
[Site "Poronin POL"]
[Date "2016.09.03"]
[Round "1.29"]
[White "Polkowski, Piotr"]
[Black "Konieczynski, Piotr"]
[Result "1/2-1/2"]
[WhiteElo "2103"]
[BlackElo "1950"]
[EventDate "2016.09.02"]

1.Nf3 d5 2.d4 Nf6 3.Bf4 Bf5 4.e3 e6 5.Nbd2 Be7 6.h3 Nbd7 7.Be2 h6 8.Ne5 
Nxe5 9.Bxe5 Bd6 10.Bxd6 Qxd6 11.O-O O-O 12.c4 c6 13.c5 Qc7 14.f4 Ne4 15.
Nxe4 Bxe4 16.b4 f6 17.Qe1 e5 18.fxe5 fxe5 19.Qg3 Qe7 20.Rxf8+ Rxf8 21.Rf1 
Rxf1+ 22.Bxf1 exd4 23.exd4 Qf6 24.Qe3 Kh8 25.Be2 Qg6 26.g3 Bb1 27.a3 a6 
28.Bg4 Bf5 29.Bxf5 Qxf5 30.Kg2 Qc2+ 31.Kf3 Qf5+ 32.Kg2 Qc2+ 33.Kf3 Qf5+ 
34.Kg2 Qc2+ 35.Kf3 Qf5+ 36.Kg2 Qc2+ 1/2-1/2

[Event "POL-chT2"]
[Site "Poronin POL"]
[Date "2016.09.03"]
[Round "1.30"]
[White "Weglarz, Joanna"]
[Black "Toma, Katarzyna"]
[Result "0-1"]
[WhiteElo "1986"]
[BlackElo "2324"]
[EventDate "2016.09.02"]

1.e4 e5 2.Nf3 d6 3.d4 Nd7 4.Bc4 c6 5.O-O Be7 6.a4 Ngf6 7.Nc3 O-O 8.a5 h6 
9.Re1 Re8 10.h3 Qc7 11.Be3 Nf8 12.Qd2 Be6 13.Bxe6 Nxe6 14.d5 Nf8 15.a6 b6 
16.dxc6 Qxc6 17.Qd3 Rac8 18.Nh4 Ne6 19.Nf5 Bf8 20.Re2 Nc5 21.Bxc5 dxc5 22.
Qc4 Rcd8 23.Nb5 Rd7 24.f3 Nh5 25.Ne3 Nf4 26.Ree1 Qg6 27.Kh2 Rd2 28.Qf1 Nh5
29.Rad1 Qg3+ 30.Kg1 Rxd1 31.Rxd1 Qg5 32.Nd5 c4 33.Qxc4 Bc5+ 34.Kf1 Qh4 35.
Rd2 Ng3+ 36.Ke1 Nxe4+ 0-1

[Event "POL-chT2"]
[Site "Poronin POL"]
[Date "2016.09.04"]
[Round "2.1"]
[White "Jakubowski, Krzysztof"]
[Black "Krysztofiak, Marcin"]
[Result "1/2-1/2"]
[WhiteElo "2529"]
[BlackElo "2378"]
[EventDate "2016.09.02"]

1.d4 Nf6 2.Nf3 e6 3.c4 d5 4.Nc3 Be7 5.Bf4 O-O 6.e3 b6 7.cxd5 Nxd5 8.Nxd5 
Qxd5 9.a3 c5 10.dxc5 Qxc5 11.Rc1 Qa5+ 12.Qd2 Qxd2+ 13.Nxd2 Na6 14.b4 Bb7 
15.e4 Rac8 16.Kd1 Rxc1+ 17.Kxc1 Nb8 18.Kb2 Rd8 19.Be2 g5 20.Be3 f5 21.exf5
exf5 22.Bf3 Bxf3 23.Nxf3 f4 24.Bc1 Nc6 25.Re1 Kf7 26.h3 Rd5 27.Bd2 a5 28.
Re4 Bf6+ 29.Bc3 axb4 30.axb4 b5 31.Bxf6 Kxf6 32.Kc3 Rd8 33.Nd4 Nxd4 34.
Rxd4 Rc8+ 35.Kd3 Ke6 36.Re4+ Kd6 37.Rd4+ Ke6 38.Re4+ Kd6 39.Rd4+ Ke6 40.
Ke4 Ke5 1/2-1/2

[Event "POL-chT2"]
[Site "Poronin POL"]
[Date "2016.09.04"]
[Round "2.2"]
[White "Grabarczyk, Miroslaw"]
[Black "Stryjecki, Marek"]
[Result "1/2-1/2"]
[WhiteElo "2438"]
[BlackElo "2427"]
[EventDate "2016.09.02"]

1.d4 g6 2.Nf3 Bg7 3.g3 d6 4.Bg2 e5 5.dxe5 dxe5 6.Qxd8+ Kxd8 7.Nc3 f6 8.Be3
Nh6 9.O-O-O+ Nd7 10.Bh3 Nf7 11.Ne4 Ke7 12.Rd2 f5 13.Rhd1 b6 14.Nfg5 Nf6 
15.Nxf6 Bxf6 16.Nxf7 Kxf7 17.Bg2 Rb8 18.Bd5+ Ke7 19.f4 e4 20.Bd4 Bxd4 21.
Rxd4 Rd8 22.Bc6 Be6 23.Rxd8 Rxd8 24.Rxd8 Kxd8 25.e3 Ke7 26.Bb5 Kd6 27.a3 
Kc5 28.Be2 a5 29.Kd2 b5 30.Kc3 b4+ 31.axb4+ axb4+ 1/2-1/2

[Event "POL-chT2"]
[Site "Poronin POL"]
[Date "2016.09.04"]
[Round "2.3"]
[White "Jaworski, Miroslaw"]
[Black "Borgula, Rafal"]
[Result "1/2-1/2"]
[WhiteElo "2263"]
[BlackElo "2240"]
[EventDate "2016.09.02"]

1.d4 Nf6 2.c4 e6 3.Nf3 d5 4.Nc3 c6 5.e3 Nbd7 6.Qc2 Be7 7.b3 O-O 8.Bd3 b6 
9.Bb2 Bb7 10.O-O c5 11.Ne5 Rc8 12.Rad1 cxd4 13.exd4 Bd6 14.Qe2 dxc4 15.
bxc4 Re8 16.Nb5 Bb8 17.Ba3 Nf8 18.Bb2 Ng6 19.g3 a6 20.Nc3 Qd6 21.Ne4 Nxe4 
22.Bxe4 Bxe4 23.Qxe4 Qb4 24.Nd3 Qxc4 25.Qb7 Qb5 26.a4 Qxa4 27.Qxb6 Qb5 28.
Qxb5 axb5 29.Ba3 Red8 30.Bc5 e5 31.Rb1 e4 32.Nb4 Ne5 33.Rfd1 Nf3+ 34.Kg2 
f5 35.Na6 Bd6 36.Bb6 Re8 37.Rxb5 Bf8 1/2-1/2

[Event "POL-chT2"]
[Site "Poronin POL"]
[Date "2016.09.04"]
[Round "2.4"]
[White "Robak, Zbigniew"]
[Black "Polok, Kacper"]
[Result "0-1"]
[WhiteElo "2204"]
[BlackElo "2299"]
[EventDate "2016.09.02"]

1.e4 e6 2.Nf3 d5 3.Nc3 d4 4.Ne2 c5 5.d3 Nc6 6.g3 Bd6 7.Bg2 Nge7 8.O-O f6 
9.c3 e5 10.Qb3 Qb6 11.Qxb6 axb6 12.cxd4 cxd4 13.Bd2 Be6 14.a3 Na5 15.Bb4 
Kd7 16.Bxd6 Kxd6 17.Nd2 Rhc8 18.Rac1 Rc6 19.h4 Rac8 20.Rxc6+ bxc6 21.Nc1 
c5 22.b3 b5 23.f4 c4 24.fxe5+ fxe5 25.bxc4 bxc4 26.dxc4 Nxc4 27.Nxc4+ Bxc4
28.Rf3 Rb8 29.Bf1 Rb1 30.Bxc4 Rxc1+ 31.Bf1 Rc3 32.Kg2 Rxf3 33.Kxf3 Nc6 34.
Bc4 Na5 35.Bg8 h6 36.Kg4 Kc5 37.Ba2 d3 38.Bb1 Kd4 39.Bxd3 Kxd3 40.Kf5 Kd4 
41.g4 Nc6 42.Kg6 Kxe4 43.Kxg7 Kf4 44.g5 hxg5 45.h5 Ne7 46.Kf7 Nf5 47.a4 e4
48.a5 e3 49.a6 e2 50.a7 e1=Q 51.a8=Q Qe7+ 0-1

[Event "POL-chT2"]
[Site "Poronin POL"]
[Date "2016.09.04"]
[Round "2.5"]
[White "Orzechowski, Jacek"]
[Black "Katafiasz, Tomasz"]
[Result "1/2-1/2"]
[WhiteElo "2135"]
[BlackElo "1888"]
[EventDate "2016.09.02"]

1.c4 c5 2.Nf3 Nc6 3.Nc3 g6 4.e3 Nf6 5.d4 cxd4 6.exd4 d5 7.Bg5 Ne4 8.cxd5 
Nxc3 9.bxc3 Qxd5 10.Be2 Bg4 11.c4 Qf5 12.Be3 Bg7 13.O-O O-O 14.Rb1 Rad8 
15.d5 b6 16.Nh4 Qh5 17.Bxg4 Qxh4 18.g3 Qf6 19.Qa4 Na5 20.Rfd1 h5 21.Bh3 
Qf3 22.Bg2 Qg4 23.Rdc1 Qd7 24.Qxd7 Rxd7 25.c5 bxc5 26.Rxc5 Nb7 27.Rc6 Nd6 
28.Ra6 f5 29.Rxa7 Rxa7 30.Bxa7 Ra8 31.Rb8+ Rxb8 32.Bxb8 Bd4 33.Bc7 Nb5 34.
Bd8 Kf8 35.a4 Ke8 36.Ba5 Nc3 37.d6 exd6 38.Bc6+ Ke7 39.Kg2 g5 40.h4 gxh4 
41.gxh4 Ne4 42.f3 Nc3 43.Bb4 Na2 44.Bd2 Bc3 45.Bxc3 1/2-1/2

[Event "POL-chT2"]
[Site "Poronin POL"]
[Date "2016.09.04"]
[Round "2.6"]
[White "Weglarz, Joanna"]
[Black "Zemlickova, Olena"]
[Result "1/2-1/2"]
[WhiteElo "1986"]
[BlackElo "2091"]
[EventDate "2016.09.02"]

1.e4 e5 2.Nf3 Nc6 3.Bb5 Nd4 4.Ba4 Nxf3+ 5.Qxf3 c6 6.O-O d6 7.c3 Nf6 8.h3 
Be7 9.d4 O-O 10.Nd2 Qc7 11.Bb3 b5 12.Re1 c5 13.d5 Ne8 14.Bc2 Bg5 15.Nf1 
Bxc1 16.Raxc1 Qe7 17.Ng3 Qg5 18.Qe3 Qxe3 19.Rxe3 g6 20.Rf1 Nf6 21.a4 a6 
22.Ra1 Bb7 23.b3 Nd7 24.Bd3 b4 25.c4 a5 26.Rf1 Kg7 27.Bc2 Rae8 28.Rf3 Bc8 
29.Ne2 Nf6 30.Ng3 Nd7 31.Ne2 Nf6 32.g4 h5 33.g5 Nh7 1/2-1/2

[Event "POL-chT2"]
[Site "Poronin POL"]
[Date "2016.09.04"]
[Round "2.7"]
[White "Kolago, Marcin"]
[Black "Gritsak, Orest"]
[Result "1/2-1/2"]
[WhiteElo "2361"]
[BlackElo "2497"]
[EventDate "2016.09.02"]

1.e4 c5 2.c3 d5 3.exd5 Qxd5 4.d4 Nf6 5.Nf3 e6 6.Na3 a6 7.Nc4 Nbd7 8.a4 b6 
9.Be2 Bb7 10.O-O Be7 11.Bf4 O-O 12.Ne3 Qc6 13.Ne5 Nxe5 14.Bxe5 cxd4 15.Bf3
Qc8 16.Bxd4 b5 17.axb5 axb5 18.Qe2 Bxf3 19.Qxf3 Nd7 20.Qg4 Bf6 21.Rxa8 
Qxa8 22.Bxf6 Nxf6 23.Qb4 Rb8 24.Rd1 h6 25.h3 Qa4 26.Rd4 Qa1+ 27.Rd1 Qa4 
28.Rd4 Qa1+ 29.Rd1 Qa4 30.Rd4 1/2-1/2

[Event "POL-chT2"]
[Site "Poronin POL"]
[Date "2016.09.04"]
[Round "2.8"]
[White "Stoma, Pawel"]
[Black "Wiewiora, Eneasz"]
[Result "1-0"]
[WhiteElo "2333"]
[BlackElo "2288"]
[EventDate "2016.09.02"]

1.e4 e5 2.Nf3 Nc6 3.Bb5 a6 4.Ba4 Nf6 5.d3 d6 6.c3 g6 7.O-O Bg7 8.h3 O-O 9.
Be3 b5 10.Bc2 Bb7 11.Nbd2 Nb8 12.a4 Nbd7 13.Re1 Re8 14.b4 d5 15.Qb1 Nb6 
16.axb5 axb5 17.Ra5 Bc6 18.Qa1 Qd7 19.Rd1 Qc8 20.Rxa8 Nxa8 21.Qa7 Nd7 22.
Qa2 dxe4 23.dxe4 h6 24.Bb3 Re7 25.Bd5 Bxd5 26.exd5 Nab6 27.Ne4 Nc4 28.Nfd2
Nxe3 29.fxe3 Kh7 30.Qa7 Re8 31.Nc5 Nxc5 32.bxc5 e4 33.c4 b4 34.Nb3 Be5 35.
Qa4 Kg7 36.Qxb4 Qf5 37.Nd2 Qg5 38.Nf1 Ra8 39.Qd2 Rd8 40.Qc2 Qe7 41.c6 Bd6 
42.Rc1 Ba3 43.Qc3+ Kh7 44.Rb1 h5 45.Rb5 Bc5 46.Qa5 Bd6 47.c5 Be5 48.d6 
cxd6 49.cxd6 Bxd6 50.Rb7 Qf6 51.Rxf7+ Qxf7 52.Qxd8 Bc7 53.Qc8 Kg7 54.Qb7 
Qe7 55.Nd2 Qd6 56.Qb2+ Kf7 57.Qb3+ Ke7 58.Qc3 Qd3 59.Qg7+ Kd6 60.Qxg6+ Kc5
61.Qxh5+ Kxc6 62.Qe8+ Kb6 63.Qe6+ Kc5 64.Qf5+ Kb6 65.Nf1 Kc6 66.h4 Bb6 67.
Qg6+ Kc7 68.Qg3+ Kb7 69.h5 Qe2 70.h6 Qh5 71.Qg7+ Bc7 72.h7 1-0

[Event "POL-chT2"]
[Site "Poronin POL"]
[Date "2016.09.04"]
[Round "2.9"]
[White "Mulet, Piotr"]
[Black "Miroslaw, Michal"]
[Result "1-0"]
[WhiteElo "2279"]
[BlackElo "2312"]
[EventDate "2016.09.02"]

1.e4 c6 2.Nc3 g6 3.Bc4 Bg7 4.Nf3 d5 5.Bb3 dxe4 6.Nxe4 Nh6 7.d4 O-O 8.O-O 
Bf5 9.Neg5 Bg4 10.c3 e6 11.h3 Bxf3 12.Qxf3 Nd7 13.Ne4 Qa5 14.Bf4 Nf5 15.g4
e5 16.Bg5 h6 17.gxf5 hxg5 18.fxg6 Bh6 19.Nf6+ Nxf6 20.Qxf6 Bg7 21.gxf7+ 
1-0

[Event "POL-chT2"]
[Site "Poronin POL"]
[Date "2016.09.04"]
[Round "2.10"]
[White "Panas, Pawel"]
[Black "Raszka, Janusz"]
[Result "1/2-1/2"]
[WhiteElo "2132"]
[BlackElo "2139"]
[EventDate "2016.09.02"]

1.d4 d5 2.Nf3 Nf6 3.e3 e6 4.Bd3 c5 5.b3 Nc6 6.Bb2 cxd4 7.exd4 Be7 8.O-O 
O-O 9.a3 Ne4 10.c4 f5 11.Nc3 Bd7 12.cxd5 Nxc3 13.Bxc3 exd5 14.Ne5 Rc8 15.
Qd2 f4 16.Be2 Bf5 17.Bf3 Nxe5 18.dxe5 Be4 19.Bg4 Rc6 20.f3 Bg6 21.Ba5 b6 
22.Bc3 h5 23.Bh3 Kh8 24.Rfd1 Qc7 25.Bb4 Qxe5 26.Bxe7 Qxe7 27.Qxd5 Rff6 28.
Qd8+ Qxd8 29.Rxd8+ Kh7 30.Rd7 Rf7 31.Rxf7 Bxf7 32.Bf5+ g6 33.Be4 Rc3 34.b4
Kg7 35.a4 Kf6 36.a5 Rb3 37.Rc1 Rxb4 38.Rc6+ Kg5 39.Rc7 Be6 40.Rxa7 bxa5 
41.Rxa5+ Bf5 42.Bxf5 gxf5 43.h3 1/2-1/2

[Event "POL-chT2"]
[Site "Poronin POL"]
[Date "2016.09.04"]
[Round "2.11"]
[White "Sapeta, Robert"]
[Black "Polkowski, Piotr"]
[Result "1/2-1/2"]
[WhiteElo "2075"]
[BlackElo "2103"]
[EventDate "2016.09.02"]

1.e4 e5 2.Nf3 Nc6 3.d4 exd4 4.Bc4 Bc5 5.c3 d3 6.b4 Bb6 7.Qb3 Qe7 8.O-O d6 
9.a4 a6 10.Bg5 Nf6 11.Nbd2 O-O 12.Bxd3 Bg4 13.h3 Bxf3 14.Nxf3 Ne5 15.Be2 
h6 16.Bxf6 Qxf6 17.a5 Ba7 18.Nxe5 Qxe5 19.Kh1 c6 20.Bd3 Qf4 21.Qd1 Rad8 
22.g3 Qe5 23.Qc2 d5 24.Rae1 Rfe8 25.Kg2 dxe4 26.Bxe4 Qf6 27.Bf3 Re6 28.
Rxe6 Qxe6 29.Rd1 Rd6 30.Rxd6 Qxd6 31.Qe4 Kf8 32.Qg4 Qe6 33.Qf4 Qd7 34.Bg4 
Qd5+ 35.Kg1 Qd8 36.Qf5 b6 37.axb6 Bxb6 38.c4 a5 39.bxa5 Bxa5 40.Bh5 Qc7 
41.Bf3 c5 42.Bd5 Bc3 43.Kg2 g6 44.Qe4 Bd4 45.h4 Qe7 46.Qf4 Kg7 47.Qg4 h5 
48.Qf3 Qf6 1/2-1/2

[Event "POL-chT2"]
[Site "Poronin POL"]
[Date "2016.09.04"]
[Round "2.12"]
[White "Toma, Katarzyna"]
[Black "Mareckova, Martina"]
[Result "1-0"]
[WhiteElo "2324"]
[BlackElo "2173"]
[EventDate "2016.09.02"]

1.e4 e5 2.Nf3 Nc6 3.Bb5 a6 4.Bxc6 dxc6 5.O-O f6 6.d4 exd4 7.Nxd4 c5 8.Nb3 
Qxd1 9.Rxd1 Bg4 10.f3 Be6 11.Nc3 Bd6 12.Be3 b6 13.a4 a5 14.Nb5 O-O-O 15.
Nxd6+ cxd6 16.Nd2 d5 17.exd5 Bxd5 18.b4 axb4 19.a5 Re8 20.Nf1 Bc4 21.axb6 
Kb7 22.Bxc5 Kc6 23.Ra5 1-0

[Event "POL-chT2"]
[Site "Poronin POL"]
[Date "2016.09.04"]
[Round "2.13"]
[White "Vovk, Yuri"]
[Black "Janaszak, Dawid"]
[Result "1-0"]
[WhiteElo "2596"]
[BlackElo "2384"]
[EventDate "2016.09.02"]

1.d4 e6 2.e4 d5 3.Bd3 c5 4.exd5 exd5 5.Nf3 Nc6 6.O-O Bg4 7.Re1+ Be7 8.dxc5
Nf6 9.Nbd2 O-O 10.Nb3 a5 11.a4 Rc8 12.h3 Bh5 13.Bd2 Ne4 14.Bxe4 dxe4 15.
Rxe4 f5 16.Re3 f4 17.Rd3 Qc7 18.Bc3 Rcd8 19.Rxd8 Rxd8 20.Qe2 Bf8 21.Re1 
Kh8 22.Qe4 Bg6 23.Be5 Qc8 24.Qxf4 Bxc2 25.Nbd4 Nxd4 26.Nxd4 Bg6 27.Bd6 b6 
28.Ne6 Bxd6 29.cxd6 Re8 30.Qd4 Qd7 31.Re3 Kg8 32.b3 Bf5 33.Nc7 Rxe3 34.
fxe3 h5 35.e4 Bg6 36.e5 1-0

[Event "POL-chT2"]
[Site "Poronin POL"]
[Date "2016.09.04"]
[Round "2.14"]
[White "Dudzinski, Pawel"]
[Black "Stopa, Jacek"]
[Result "0-1"]
[WhiteElo "2232"]
[BlackElo "2455"]
[EventDate "2016.09.02"]

1.e4 g6 2.Nc3 Bg7 3.g3 c5 4.Bg2 Nc6 5.d3 d6 6.Be3 Nf6 7.h3 O-O 8.Nge2 Rb8 
9.d4 cxd4 10.Nxd4 Bd7 11.Nce2 b5 12.O-O e5 13.Nb3 Be6 14.f4 Bc4 15.f5 d5 
16.fxg6 Nxe4 17.gxf7+ Rxf7 18.Rxf7 Kxf7 19.Bxe4 dxe4 20.Qxd8 Rxd8 21.Nc3 
Nb4 22.Rc1 Kg6 23.Nd2 Nd5 24.Nxd5 Bxd5 25.Re1 b4 26.Bxa7 Ra8 27.Bc5 Rxa2 
28.Rb1 Bh6 29.Nf1 b3 30.cxb3 Bxb3 31.Ba3 Bc2 32.Re1 Bd3 33.Ne3 Bg5 34.Ng4 
Kf5 35.Nf2 Bd2 36.Rd1 Be3 37.Re1 Bd4 38.Kg2 Bxb2 39.g4+ Ke6 40.Bxb2 Rxb2 
41.Kg3 Kd5 42.Nd1 Rb7 43.Ne3+ Kd4 44.Nf5+ Kc3 45.Nd6 Rb4 46.Kf2 Kd2 47.Nf5
Rb8 48.Re3 Rf8 49.Kg2 h5 50.Kf2 h4 51.Re1 Rf6 52.Re3 Rf7 53.Re1 e3+ 54.
Rxe3 Bxf5 55.Re2+ Kd3 56.Re3+ Kd4 57.gxf5 Rxf5+ 58.Ke2 e4 59.Ra3 Rb5 60.
Ra4+ Ke5 61.Ra8 Kf4 62.Rf8+ Kg3 63.Rg8+ Kxh3 64.Ke3 Rb4 65.Kf2 Rb3 66.Re8 
Rf3+ 67.Ke2 Rf4 68.Ke3 Kg3 69.Rg8+ Rg4 70.Rf8 h3 71.Ke2 h2 72.Rf1 Rh4 0-1

[Event "POL-chT2"]
[Site "Poronin POL"]
[Date "2016.09.04"]
[Round "2.15"]
[White "Kolosowski, Mateusz"]
[Black "Szadkowski, Kamil"]
[Result "1/2-1/2"]
[WhiteElo "2426"]
[BlackElo "2198"]
[EventDate "2016.09.02"]

1.e4 e5 2.Nf3 Nc6 3.Bb5 a6 4.Ba4 Nf6 5.O-O b5 6.Bb3 Be7 7.Re1 O-O 8.d3 d6 
9.c3 Bb7 10.Nbd2 Na5 11.Bc2 c5 12.Nf1 Re8 13.Ng3 Bf8 14.Nf5 Bc8 15.Bg5 h6 
16.Bh4 g6 17.Ne3 Bb7 18.Qd2 Be7 19.b4 Nc6 20.Bb3 Kg7 21.Bg3 cxb4 22.cxb4 
Qb6 23.Bh4 Nd4 24.Nxd4 Qxd4 25.Nc2 Qb6 26.Re3 Nd5 27.Bxd5 Bxh4 28.Bxb7 
Qxb7 29.Rf3 Bg5 30.Ne3 Rac8 31.Qb2 Bxe3 32.fxe3 d5 33.exd5 Qxd5 34.Raf1 
1/2-1/2

[Event "POL-chT2"]
[Site "Poronin POL"]
[Date "2016.09.04"]
[Round "2.16"]
[White "Michalski, Filip"]
[Black "Cukrowski, Filip"]
[Result "0-1"]
[WhiteElo "2151"]
[BlackElo "2367"]
[EventDate "2016.09.02"]

1.d4 Nf6 2.c4 e6 3.Nc3 Bb4 4.e3 b6 5.Ne2 c5 6.a3 Ba5 7.Rb1 Na6 8.Ng3 Bb7 
9.f3 O-O 10.Bd3 d5 11.O-O Bxc3 12.bxc3 Rc8 13.Qe2 Nb8 14.cxd5 Nxd5 15.Bd2 
cxd4 16.cxd4 Nc3 17.Bxc3 Rxc3 18.a4 e5 19.Rfd1 exd4 20.Qb2 Qg5 21.f4 Qe7 
22.e4 Nd7 23.Nf5 Qc5 24.Qe2 g6 25.Rb5 Qc7 26.Ne7+ Kh8 27.Qf2 Rxd3 28.Rxd3 
Qc1+ 29.Qf1 Qxf1+ 30.Kxf1 Re8 31.Rxd4 Rxe7 32.Rb2 Bxe4 33.a5 Kg7 34.axb6 
Nxb6 35.Kf2 f5 36.Ra2 Rc7 37.Rdd2 a5 38.Rd8 a4 39.Rb8 Nd7 40.Rd8 Nc5 41.g3
Bb1 42.Ra1 Bc2 43.Ra8 Bb3 44.Ke3 Ne4 45.Kd4 Rd7+ 46.Ke3 Nd2 47.Re1 Nf3 48.
Rh1 Nd4 49.Rc1 Nc2+ 50.Ke2 a3 51.Rb8 a2 52.Rxb3 Nd4+ 0-1

[Event "POL-chT2"]
[Site "Poronin POL"]
[Date "2016.09.04"]
[Round "2.17"]
[White "Goluch, Piotr"]
[Black "Wlodarczyk, Oskar"]
[Result "0-1"]
[WhiteElo "2330"]
[BlackElo "2275"]
[EventDate "2016.09.02"]

1.d4 c5 2.d5 e5 3.c4 d6 4.Nc3 Be7 5.g3 Nf6 6.Bg2 O-O 7.e4 Nbd7 8.Nge2 a6 
9.O-O Ne8 10.Qd3 g6 11.Bh6 Ng7 12.f4 exf4 13.gxf4 Rb8 14.Rae1 Bh4 15.Ng3 
b5 16.cxb5 axb5 17.e5 c4 18.Qd2 Nc5 19.Nce4 Nd3 20.Bg5 Bxg5 21.fxg5 dxe5 
22.Nf6+ Kh8 23.Re4 h5 24.gxh6 Nf5 25.Ng4 Nd6 26.Nf6 Nxe4 27.Ngxe4 Rb6 28.
Qg5 Qe7 29.b3 Nf4 30.Re1 Bf5 31.d6 Rxd6 32.Nxd6 Qxd6 33.Ne4 Bxe4 34.Rxe4 
Qd1+ 35.Kf2 Qd2+ 36.Kf3 f6 37.Qg3 Rd8 38.Bf1 Qd1+ 39.Kf2 Qc2+ 40.Kf3 Rd1 
41.Be2 Nxe2 42.Rxe2 Qf5+ 0-1

[Event "POL-chT2"]
[Site "Poronin POL"]
[Date "2016.09.04"]
[Round "2.18"]
[White "Magnucka, Milena"]
[Black "Jakubowska, Anna"]
[Result "1/2-1/2"]
[WhiteElo "1994"]
[BlackElo "2205"]
[EventDate "2016.09.02"]

1.e4 c5 2.Nf3 e6 3.c3 d5 4.exd5 exd5 5.d4 c4 6.Be2 Bd6 7.O-O Ne7 8.Re1 O-O
9.b3 cxb3 10.axb3 Nbc6 11.Nbd2 Bf5 12.Nf1 h6 13.Bd3 Rc8 14.Bxf5 Nxf5 15.
Qd3 Nfe7 16.Ne3 Qd7 17.Ba3 Bb8 18.c4 Rfd8 19.Rad1 Bc7 20.Bb2 a6 21.Bc3 Bb8
22.h3 Bc7 23.Qe2 Rb8 24.Ng4 Ng6 25.Nfe5 Ngxe5 26.Nxe5 Bxe5 27.dxe5 Qe6 28.
cxd5 Rxd5 29.Rxd5 Qxd5 30.e6 Qxe6 31.Qxe6 fxe6 32.Rxe6 Kf7 33.Rd6 Rd8 
1/2-1/2

[Event "POL-chT2"]
[Site "Poronin POL"]
[Date "2016.09.04"]
[Round "2.19"]
[White "Tomczak, Jacek"]
[Black "Lubczynski, Rafal"]
[Result "1/2-1/2"]
[WhiteElo "2601"]
[BlackElo "2431"]
[EventDate "2016.09.02"]

1.e4 d6 2.d4 Nf6 3.f3 e5 4.Ne2 exd4 5.Nxd4 d5 6.e5 Nh5 7.g3 c5 8.Nb3 c4 9.
Nd4 Bc5 10.Be3 Qb6 11.Nc3 Nc6 12.Nxd5 Qa5+ 13.Qd2 Qxd2+ 14.Kxd2 Nxd4 15.
Nc7+ Ke7 16.Nxa8 Rd8 17.Kc3 Nb5+ 18.Kxc4 Bxe3 19.Kxb5 Bd7+ 20.Kb4 Rxa8 21.
Bb5 Bxb5 22.Kxb5 Rc8 23.Rhe1 Rc5+ 24.Kb4 Rxe5 25.Kc4 Re6 26.Kd3 Bf2 27.
Rxe6+ fxe6 28.b4 Nf6 29.Rf1 Bb6 30.c4 g5 31.a4 1/2-1/2

[Event "POL-chT2"]
[Site "Poronin POL"]
[Date "2016.09.04"]
[Round "2.20"]
[White "Chojnacki, Krzysztof"]
[Black "Urban, Klaudiusz"]
[Result "1/2-1/2"]
[WhiteElo "2369"]
[BlackElo "2418"]
[EventDate "2016.09.02"]

1.d4 d5 2.c4 e6 3.Nf3 Nf6 4.Nc3 Be7 5.Bf4 O-O 6.e3 b6 7.Rc1 Bb7 8.cxd5 
Nxd5 9.Bg3 c5 10.Bd3 cxd4 11.exd4 Nd7 12.O-O N7f6 13.Be5 Rc8 14.Re1 a6 15.
Bb1 Qd7 16.Qd3 g6 17.h3 Rfd8 18.Nxd5 Nxd5 19.a3 Rxc1 20.Rxc1 Rc8 21.Re1 b5
22.Qd2 b4 23.Nh2 f6 24.Bg3 bxa3 25.bxa3 Bxa3 26.Ng4 Bf8 27.Ba2 Bg7 28.h4 
h5 29.Ne3 Nxe3 30.Qxe3 Bd5 31.Bxd5 exd5 32.Qd3 Re8 33.Rxe8+ Qxe8 34.Qxa6 
Qe4 35.Qb6 Kh7 36.f3 Qf5 1/2-1/2

[Event "POL-chT2"]
[Site "Poronin POL"]
[Date "2016.09.04"]
[Round "2.21"]
[White "Kaczmarek, Aleksander"]
[Black "Musialkiewicz, Jan"]
[Result "0-1"]
[WhiteElo "2332"]
[BlackElo "2264"]
[EventDate "2016.09.02"]

1.e4 c5 2.b3 Nc6 3.Bb2 e5 4.Bc4 Nf6 5.Nc3 d6 6.Nge2 g6 7.d3 Bg7 8.O-O O-O 
9.Qe1 a6 10.a4 Nd4 11.Nxd4 exd4 12.Nd5 Be6 13.Nxf6+ Bxf6 14.Bxe6 fxe6 15.
f4 b5 16.Qg3 Kh8 17.h3 Qd7 18.Bc1 Bg7 19.Bd2 c4 20.bxc4 bxc4 21.Bb4 cxd3 
22.cxd3 Rab8 23.Ba3 Rfc8 24.e5 d5 25.Qf2 Rb3 26.Rfd1 Qxa4 27.Bd6 Qc6 28.
Qxd4 Qxd6 29.Qa4 Qb6+ 30.Kh2 Bh6 31.Rdc1 Rf8 32.Rc6 Bxf4+ 33.Kh1 Rb1+ 0-1

[Event "POL-chT2"]
[Site "Poronin POL"]
[Date "2016.09.04"]
[Round "2.22"]
[White "Musialkiewicz, Pawel"]
[Black "Reza, Wojciech"]
[Result "1-0"]
[WhiteElo "2278"]
[BlackElo "2310"]
[EventDate "2016.09.02"]

1.c4 Nf6 2.Nc3 e5 3.g3 Bb4 4.Bg2 O-O 5.Nf3 Bxc3 6.bxc3 Re8 7.O-O Nc6 8.Rb1
d6 9.Ne1 Qd7 10.d3 h6 11.Nc2 b6 12.e4 Qg4 13.f3 Qh5 14.Ne3 Ne7 15.g4 Qh4 
16.Bd2 Nh7 17.f4 Ng6 18.Nf5 Qd8 19.Qe1 exf4 20.Bxf4 Nxf4 21.Rxf4 Nf8 22.
Qg3 Ng6 23.Rf2 Be6 24.h4 Rb8 25.g5 hxg5 26.hxg5 Nf8 27.Bh3 Nh7 28.Rg2 Bxf5
29.Bxf5 g6 30.Qh4 Re5 31.Rf1 gxf5 32.exf5 Kh8 33.Rf3 f6 34.g6 Re7 35.gxh7 
Re8 36.Rg8+ Rxg8+ 37.hxg8=Q+ Kxg8 38.Rg3+ 1-0

[Event "POL-chT2"]
[Site "Poronin POL"]
[Date "2016.09.04"]
[Round "2.23"]
[White "Schmidt, Wlodzimierz"]
[Black "Bardeli, Lukasz"]
[Result "1-0"]
[WhiteElo "2289"]
[BlackElo "2188"]
[EventDate "2016.09.02"]

1.d4 d5 2.c4 c6 3.Nc3 Nf6 4.Nf3 a6 5.c5 Nbd7 6.Bf4 g6 7.h3 Bg7 8.e3 O-O 9.
Be2 Ne8 10.O-O Nc7 11.Qc2 Re8 12.Rfd1 e5 13.dxe5 Nxe5 14.Nxe5 Bxe5 15.Bxe5
Rxe5 16.Bd3 Qh4 17.Qa4 Qe7 18.Qf4 Bf5 19.Bf1 Re8 20.b4 Qf6 21.Rac1 Ne6 22.
Qg3 Ng7 23.a3 Bc8 24.Rd2 h5 25.Ne2 Rg5 26.Qh2 h4 27.Nd4 Nh5 28.Be2 Ng3 29.
Bf3 Ne4 30.Rdc2 Rge5 31.Qf4 Qe7 32.a4 Ng5 33.Kh1 Bf5 34.Rb2 Ne4 35.Bxe4 
Bxe4 36.b5 Rg5 37.f3 Bf5 38.bxc6 bxc6 39.Nxc6 Qxe3 40.Qxe3 Rxe3 41.Nd4 Bc8
42.Rb8 Re8 43.f4 Rg3 44.Nf3 Kg7 45.c6 d4 46.c7 d3 47.Rd1 Rxf3 48.gxf3 Kf6 
49.Rxd3 Re1+ 50.Kh2 Re2+ 51.Kg1 Bxh3 52.c8=Q 1-0

[Event "POL-chT2"]
[Site "Poronin POL"]
[Date "2016.09.04"]
[Round "2.24"]
[White "Szelag, Zuzanna"]
[Black "Dmochowska, Agnieszka"]
[Result "0-1"]
[WhiteElo "1769"]
[BlackElo "1995"]
[EventDate "2016.09.02"]

1.e4 c5 2.Nf3 Nc6 3.d4 cxd4 4.Nxd4 Nf6 5.Nc3 d6 6.Bc4 Bd7 7.Be3 Ng4 8.Nxc6
bxc6 9.Bf4 g6 10.Qf3 Nf6 11.O-O Bg7 12.e5 dxe5 13.Bxe5 O-O 14.Rad1 Qc8 15.
Qe2 Be6 16.Ba6 Qe8 17.Bb7 Rb8 18.Bxb8 Qxb8 19.Qa6 Ng4 20.g3 Ne5 21.Bxc6 
Bc4 22.Bb5 Bxf1 23.Rxf1 Qa8 24.Be2 Rb8 25.Qa3 Qb7 26.Na4 Qe4 27.Bd1 Nc4 
28.Qd3 Qxd3 29.cxd3 Nxb2 30.Nxb2 Rxb2 31.Bb3 Bd4 32.Bc4 a5 33.Kg2 a4 34.
Bd5 e6 35.Bc4 Kf8 36.g4 g5 37.Kg3 Ke7 38.h3 e5 39.Kf3 f6 40.Bg8 a3 41.Bd5 
Rd2 42.Bc4 Kd6 43.Kg2 Rc2 44.Bb3 Rb2 45.Bc4 Ke7 46.Kf3 Kf8 47.Be6 Rd2 48.
Bc4 Kg7 49.Kg2 Kg6 50.Be6 h5 51.Kg1 Kh6 52.Bc4 Rc2 53.Bb3 Rb2 54.Bf7 Kg7 
55.Bc4 hxg4 56.hxg4 Rc2 57.Bb3 Rc3 58.Rd1 Rxb3 59.axb3 a2 60.Kg2 a1=Q 61.
Rxa1 Bxa1 62.Kf3 Kf7 63.Ke4 Ke6 64.f3 Bd4 65.b4 Ba7 66.d4 exd4 0-1

[Event "POL-chT2"]
[Site "Poronin POL"]
[Date "2016.09.04"]
[Round "2.25"]
[White "Krzywda, Andrzej"]
[Black "Ponizil, Cyril"]
[Result "0-1"]
[WhiteElo "2148"]
[BlackElo "2521"]
[EventDate "2016.09.02"]

1.e4 c5 2.Nf3 e6 3.d4 cxd4 4.Nxd4 a6 5.Nc3 b5 6.Bd3 Qb6 7.Nf3 Qc7 8.O-O 
Bb7 9.Re1 Be7 10.e5 f5 11.Ng5 g6 12.a4 b4 13.Na2 Bd5 14.c4 Bb7 15.Nf3 Nc6 
16.Qe2 Nd8 17.Bd2 Rb8 18.Rac1 Bc5 19.h4 Nf7 20.Rcd1 Ngh6 21.Be3 Ng4 22.
Bxc5 Qxc5 23.Nc1 Qc6 24.Nb3 Ngxe5 25.Nbd4 Nxf3+ 26.gxf3 Qc8 27.Bxf5 gxf5 
28.Nxf5 Rg8+ 29.Kf1 Qc5 30.Nd4 Rg6 31.Qe3 Qxc4+ 32.Re2 Rc8 33.Nf5 Bd5 34.
h5 Rf6 35.Nd4 Kf8 36.Kg1 b3 37.Ree1 Rxf3 38.Qd2 Rh3 39.f3 Qc7 40.Nf5 Qb6+ 
41.Nd4 Rxf3 0-1